| 000 | 00472nam a2200181Ia 4500 | ||
|---|---|---|---|
| 005 | 20250508155918.0 | ||
| 008 | 008 250505s9999 xx 000 0 eng d | ||
| 037 | _aBooks to be hide in OPAC | ||
| 040 |
_aFEDL _beng _cFEDL |
||
| 041 |
_aeng _2eng |
||
| 084 |
_a334, COL/O _qFEDL |
||
| 245 | 0 | _aColombo plan facts and figures | |
| 245 | 0 | _cColombo Plan Bureau | |
| 260 | _c1958 | ||
| 300 | _a43p | ||
| 942 |
_cHB _h334, COL/O |
||
| 999 |
_c1360037 _d1360037 |
||